[Event "OLBA 2122 BG Buchen - SGR Kuppenheim"]
[Site "?"]
[Date "2022.06.19"]
[Round "7.3"]
[White "Grosshans, Ralf-Michael"]
[Black "Eisenbeiser, Amadeus"]
[Result "0-1"]
[WhiteElo "2083"]
[BlackElo "2389"]
[PlyCount "108"]
[EventDate "2022.??.??"]

1. e4 c6 2. d3 d5 3. Nd2 e5 4. Ngf3 Bd6 5. d4 exd4 6. exd5 cxd5 7. Nxd4 Nc6 8.
N2f3 Nf6 9. Be2 O-O 10. O-O Qb6 11. c3 a6 12. Qb3 Qc7 13. Bg5 Na5 14. Qc2 Ne4
15. Be3 Nc4 16. Bxc4 Qxc4 17. Nd2 Qc7 18. Nxe4 dxe4 19. h3 f5 20. f4 Bd7 21.
Rad1 Rae8 22. Rd2 Bc8 23. g3 h6 24. Rg2 Rf6 25. Qd2 Ref8 26. Nc2 Be6 27. Bd4
R6f7 28. b3 Rd7 29. Qe3 b5 30. Rgf2 Qb7 31. Qe2 a5 32. Rb1 Qc6 33. Qe3 Rc8 34.
Rg2 Rf7 35. Rd1 Bb8 36. Rgd2 Kh7 37. Rg2 Bd7 38. Rgd2 Be8 39. Rf1 Qe6 40. Rb1
Rd7 41. Rf2 Bh5 42. Qe1 Qg6 43. Kh2 Bf3 44. Qe3 Qh5 45. Ne1 Bg4 46. h4 g5 47.
Ng2 Bf3 48. fxg5 Qg4 49. g6+ Kxg6 50. Nf4+ Kh7 51. Rbf1 Bxf4 52. Qxf4 Qxf4 53.
gxf4 b4 54. Rc1 Rxd4 0-1

[Event "OLBA 2122 BG Buchen - SGR Kuppenheim"]
[Site "?"]
[Date "2022.06.19"]
[Round "7.4"]
[White "Miltner, Arndt"]
[Black "Kresovic, Velimir"]
[Result "1/2-1/2"]
[WhiteElo "2265"]
[BlackElo "2155"]
[PlyCount "108"]
[EventDate "2022.??.??"]

1. b3 Nf6 2. Bb2 c5 3. e3 Nc6 4. Nf3 e6 5. g3 b6 6. Bg2 Ba6 7. d3 Be7 8. O-O
Rc8 9. e4 d5 10. e5 Nd7 11. c4 O-O 12. Re1 Re8 13. Nc3 Nf8 14. Qe2 Na5 15. Nd2
Bb7 16. Rad1 a6 17. f4 b5 18. cxd5 exd5 19. f5 Qd7 20. Qh5 c4 21. dxc4 dxc4 22.
Nde4 Qc7 23. Nd5 Bxd5 24. Rxd5 cxb3 25. Ng5 Bxg5 26. Qxg5 f6 27. Qg4 Nc4 28. e6
Nxb2 29. axb3 Qc3 30. Rf1 Qe3+ 31. Kh1 Re7 32. Qb4 Rce8 33. Qd2 Qxb3 34. Rb1
Nc4 35. Rxb3 Nxd2 36. Rxd2 g6 37. g4 Rb8 38. Bf1 Kg7 39. Kg2 Kh6 40. Kg3 Kg7
41. Rd6 Ra7 42. Bd3 h5 43. h3 hxg4 44. hxg4 gxf5 45. gxf5 Nh7 46. Kg4 Ng5 47.
Ra3 b4 48. Raxa6 Rab7 49. Ra5 b3 50. Rad5 b2 51. Rd7+ Kf8 52. Bb1 Rxd7 53. Rxd7
Rb5 54. Rc7 Ke8 1/2-1/2

[Event "OLBA 2122 BG Buchen - SGR Kuppenheim"]
[Site "?"]
[Date "2022.06.19"]
[Round "7.5"]
[White "Metz, Hartmut"]
[Black "Becker, Matthias"]
[Result "0-1"]
[WhiteElo "2188"]
[BlackElo "2330"]
[PlyCount "72"]
[EventDate "2022.??.??"]

1. e4 e6 2. d4 d5 3. Nc3 Bb4 4. e5 c5 5. a3 Bxc3+ 6. bxc3 Ne7 7. a4 Qa5 8. Bd2
Nbc6 9. Nf3 Bd7 10. Qb1 Qc7 11. Bd3 f6 12. O-O fxe5 13. Nxe5 Nxe5 14. dxe5 c4
15. Be2 Qxe5 16. Re1 Qc7 17. Bh5+ g6 18. Bg4 O-O 19. Bxe6+ Bxe6 20. Rxe6 Qd7
21. Re1 Nf5 22. Qb5 Qxb5 23. axb5 Nd6 24. Reb1 a6 25. bxa6 Rxa6 26. Rxa6 bxa6
27. Rb6 Ne4 28. Be1 Ra8 29. f3 Nc5 30. Rd6 a5 31. Rxd5 a4 32. Rd1 a3 33. Bf2
Nb3 34. cxb3 cxb3 35. c4 a2 36. Bd4 Rd8 0-1

[Event "OLBA 2122 BG Buchen - SGR Kuppenheim"]
[Site "?"]
[Date "2022.06.19"]
[Round "7.6"]
[White "Junesch, Gerhard"]
[Black "Klumpp, Jochen"]
[Result "1-0"]
[WhiteElo "2294"]
[BlackElo "2060"]
[PlyCount "65"]
[EventDate "2022.??.??"]

1. Nf3 Nf6 2. c4 g6 3. Nc3 Bg7 4. e4 e5 5. Nxe5 Qe7 6. d4 d6 7. Nf3 Nxe4 8. Nd5
Qd8 9. Bd3 Bf5 10. g4 c6 11. Ne3 Qa5+ 12. Ke2 Nd7 13. gxf5 Ndf6 14. Bd2 Qb6 15.
Qb3 Qc7 16. Qc2 Qe7 17. Rae1 O-O 18. Kf1 Rae8 19. Bc1 Qd7 20. Rg1 Kh8 21. Nh4
d5 22. f3 Qc7 23. cxd5 g5 24. fxe4 gxh4 25. e5 Nh5 26. Ng4 Rg8 27. d6 Qa5 28.
Bc4 Rgf8 29. Bd2 Qb6 30. Be3 c5 31. dxc5 Qc6 32. Qg2 Bxe5 33. Nxe5 1-0

[Event "OLBA 2122 BG Buchen - SGR Kuppenheim"]
[Site "?"]
[Date "2022.06.19"]
[Round "7.7"]
[White "Merklinger, Markus"]
[Black "Hefner, Felix"]
[Result "1/2-1/2"]
[WhiteElo "2079"]
[BlackElo "2014"]
[PlyCount "88"]
[EventDate "2022.??.??"]

1. d4 d5 2. Nf3 Nf6 3. Bf4 Bf5 4. e3 h6 5. Be2 e6 6. Ne5 Be7 7. O-O Nbd7 8. c4
c6 9. Qb3 Qb6 10. c5 Qxb3 11. axb3 a6 12. b4 Rd8 13. Nd2 Ne4 14. Nxe4 Bxe4 15.
h3 Nf6 16. Rfd1 Nd7 17. f3 Bh7 18. Kf2 g5 19. Bg3 Nxe5 20. Bxe5 f6 21. Bg3 Rd7
22. h4 Bd8 23. Rh1 Bc7 24. Bxc7 Rxc7 25. b5 cxb5 26. Bxb5+ Kf8 27. Be2 Rg8 28.
hxg5 hxg5 29. Ra4 Bg6 30. Rb4 Be8 31. Rb6 Bc6 32. b4 Kg7 33. Bd3 Rh8 34. Ra1
Kf7 35. b5 axb5 36. Bxb5 Rhc8 37. Ra7 Ke7 38. Bxc6 bxc6 39. Rxc6 Rxa7 40. Rxc8
Ra2+ 41. Kf1 Ra1+ 42. Ke2 Ra2+ 43. Kf1 Ra1+ 44. Ke2 Ra2+ 1/2-1/2

[Event "OLBA 2122 BG Buchen - SGR Kuppenheim"]
[Site "?"]
[Date "2022.06.19"]
[Round "7.8"]
[White "Eisenbeiser, Karlheinz"]
[Black "Kick, Joachim"]
[Result "0-1"]
[WhiteElo "1914"]
[BlackElo "2119"]
[PlyCount "82"]
[EventDate "2022.??.??"]

1. Nf3 d5 2. g3 Bg4 3. Ne5 Bf5 4. Bg2 e6 5. c3 Nd7 6. Nxd7 Qxd7 7. d4 Nf6 8.
Nd2 c5 9. Nf3 Be7 10. O-O O-O 11. h3 h6 12. dxc5 Bxc5 13. g4 Bh7 14. Bf4 Rfd8
15. e3 Ne4 16. Ne5 Qe7 17. Nd3 Bb6 18. a4 a5 19. Qe2 f6 20. Rfd1 Rac8 21. Bh2
e5 22. Kh1 Qe8 23. f3 Nd6 24. e4 dxe4 25. fxe4 Rc4 26. Bg1 Bxg1 27. Kxg1 Bxe4
28. Nf2 Bxg2 29. Rxd6 Rxd6 30. Qxc4+ Bd5 31. Qc5 Qc6 32. Qxa5 Bf3 33. Qb4 e4
34. Re1 Re6 35. Qd4 Qc7 36. Nh1 Rd6 37. Qf2 Qd8 38. Qc2 Rd2 39. Qb3+ Kh8 40.
Qb5 Qd6 41. Re2 Rxe2 0-1

[Event "OLBA 2122 SF Bad Mergentheim - OSG Bade"]
[Site "?"]
[Date "2022.06.19"]
[Round "7.1"]
[White "Milov, Vadim"]
[Black "Ikonnikov, Vyacheslav"]
[Result "1-0"]
[WhiteElo "2600"]
[BlackElo "2495"]
[PlyCount "97"]
[EventDate "2022.??.??"]

1. c4 Nf6 2. Nf3 e6 3. Nc3 d5 4. d4 h6 5. g3 Nc6 6. Bg2 Bd6 7. O-O O-O 8. b3 b6
9. Bb2 Bb7 10. cxd5 exd5 11. Nh4 Ne7 12. Nb5 a6 13. Nxd6 cxd6 14. Re1 Qd7 15.
Bf1 a5 16. f3 a4 17. Qd2 Rfc8 18. Ba3 Ba6 19. Ng2 Ne8 20. Nf4 Rc7 21. Bb4 Rca7
22. Bh3 Qd8 23. Rac1 axb3 24. axb3 Bc8 25. Bf1 Nf6 26. Qc3 Bf5 27. g4 Bh7 28.
h4 Ne8 29. Qe3 Nc7 30. Bh3 Na6 31. Bd2 Nc7 32. Kh2 Ng6 33. Nxg6 Bxg6 34. g5 h5
35. Rc6 Nb5 36. Kg3 Re7 37. Qf4 Kh7 38. Rec1 Rc7 39. Rxc7 Nxc7 40. Rc6 Nb5 41.
Qe3 Na7 42. Rc1 Nc8 43. Bb4 Ne7 44. Qf4 Ra2 45. Bxd6 Rxe2 46. Rc7 b5 47. b4 Bb1
48. Bc5 Kg6 49. Rd7 1-0

[Event "OLBA 2122 SF Bad Mergentheim - OSG Bade"]
[Site "?"]
[Date "2022.06.19"]
[Round "7.2"]
[White "Kazakouski, Valery"]
[Black "Schlosser, Philipp"]
[Result "1/2-1/2"]
[WhiteElo "2532"]
[BlackElo "2495"]
[PlyCount "36"]
[EventDate "2022.??.??"]

1. d4 Nf6 2. c4 e6 3. Nf3 b6 4. g3 Ba6 5. b3 Bb4+ 6. Bd2 Be7 7. Nc3 d5 8. Qc2
O-O 9. cxd5 exd5 10. Bg2 Bb7 11. O-O Nbd7 12. Bf4 c6 13. Rad1 Re8 14. Ne5 Nf8
15. Bg5 Ne6 16. f4 Rc8 17. Bxf6 Bxf6 18. e3 c5 1/2-1/2

[Event "OLBA 2122 SF Bad Mergentheim - OSG Bade"]
[Site "?"]
[Date "2022.06.19"]
[Round "7.3"]
[White "Kaczmarczyk, Dennis"]
[Black "Neuman, Petr"]
[Result "1/2-1/2"]
[WhiteElo "2474"]
[BlackElo "2386"]
[PlyCount "123"]
[EventDate "2022.??.??"]

1. e4 c6 2. d4 d5 3. f3 Qb6 4. Nc3 dxe4 5. fxe4 e5 6. Nf3 exd4 7. Nxd4 Bc5 8.
Na4 Qa5+ 9. c3 Be7 10. b4 Qe5 11. Bd3 Nf6 12. O-O O-O 13. Bf4 Qh5 14. Qe1 Re8
15. h3 Nbd7 16. Nf5 Bf8 17. Rf3 Ne5 18. Bxe5 Rxe5 19. Qg3 Re8 20. e5 Nd5 21.
Raf1 Be6 22. Nc5 Bxc5+ 23. bxc5 Bxf5 24. Rxf5 Qh6 25. Rxf7 Qe3+ 26. Qxe3 Nxe3
27. R1f3 Rxe5 28. Rxb7 Rd8 29. Rxa7 g6 30. Be2 Rd2 31. Rf2 Rxc5 32. Bf3 Rxf2
33. Kxf2 Rxc3 34. a4 Nd5 35. a5 Ra3 36. Be2 Ra2 37. Kf3 Ra3+ 38. Kf2 Ra2 39.
Kf3 Ra3+ 40. Kg4 Ra2 41. Bf3 h6 42. h4 Kf8 43. Kg3 Ra3 44. Kh2 Ra4 45. g3 Ra3
46. Be4 g5 47. hxg5 hxg5 48. Bg6 Ne7 49. Be4 Nd5 50. Bf5 Nb4 51. Bd7 c5 52. Bb5
g4 53. a6 Ra2+ 54. Kg1 Ra1+ 55. Kf2 Ra2+ 56. Ke3 Ra5 57. Bc4 Ra3+ 58. Kf2 Ke8
59. Bb5+ Kf8 60. Bc4 Ke8 61. Bb5+ Kf8 62. Bc4 1/2-1/2

[Event "OLBA 2122 SF Bad Mergentheim - OSG Bade"]
[Site "?"]
[Date "2022.06.19"]
[Round "7.5"]
[White "Mohebbi, Jafar"]
[Black "Ivanov, Mikhail M"]
[Result "1/2-1/2"]
[WhiteElo "2238"]
[BlackElo "2328"]
[PlyCount "65"]
[EventDate "2022.??.??"]

1. d4 Nf6 2. Nf3 b6 3. Bg5 Ne4 4. Bf4 Bb7 5. Nbd2 d5 6. e3 e6 7. Bb5+ c6 8. Bd3
f5 9. Bxe4 fxe4 10. Ne5 Qf6 11. h4 Bd6 12. Bg5 Qf5 13. g4 Qf8 14. f3 Nd7 15.
Nxd7 Kxd7 16. O-O exf3 17. Qxf3 Qxf3 18. Nxf3 Raf8 19. Bf4 Ba6 20. Rf2 c5 21.
Bxd6 Kxd6 22. Re1 h5 23. g5 cxd4 24. exd4 Rf4 25. Ne5 Rhf8 26. Rxf4 Rxf4 27. c3
Rxh4 28. Re3 Rf4 29. Kg2 Bb5 30. Rf3 Rxf3 31. Kxf3 Be8 32. Kf4 g6 33. b3
1/2-1/2

[Event "OLBA 2122 SF Bad Mergentheim - OSG Bade"]
[Site "?"]
[Date "2022.06.19"]
[Round "7.7"]
[White "Schmitt, Daniel"]
[Black "Reinhardt, Bernd"]
[Result "1/2-1/2"]
[WhiteElo "2128"]
[BlackElo "2124"]
[PlyCount "25"]
[EventDate "2022.??.??"]

1. e4 d6 2. d4 Nd7 3. Nf3 g6 4. Nc3 Bg7 5. Be3 a6 6. a4 b6 7. Qd2 Bb7 8. Bc4 e6
9. O-O h6 10. d5 e5 11. Ne1 Ne7 12. Nd3 f5 13. f4 1/2-1/2

[Event "OLBA 2122 SC Untergrombach - Karlsruher"]
[Site "?"]
[Date "2022.06.19"]
[Round "7.1"]
[White "Arnold, Lothar"]
[Black "Solodovnichenko, Yuri"]
[Result "0-1"]
[WhiteElo "2323"]
[BlackElo "2492"]
[PlyCount "84"]
[EventDate "2022.??.??"]

1. e4 c5 2. Nf3 d6 3. d4 Nf6 4. Nc3 cxd4 5. Nxd4 Nc6 6. f3 e5 7. Nb3 Be7 8. Be3
O-O 9. Qd2 Be6 10. O-O-O a5 11. Bb5 Na7 12. Bxa7 Rxa7 13. Kb1 Ra8 14. Qf2 Qc7
15. Rd2 Rfd8 16. Rhd1 h5 17. g3 Nd7 18. Na4 Nc5 19. Naxc5 dxc5 20. Rxd8+ Rxd8
21. Rxd8+ Qxd8 22. Qd2 b6 23. Qxd8+ Bxd8 24. Nd2 Bh3 25. Bf1 Bd7 26. Nc4 Bc7
27. Ne3 b5 28. c4 b4 29. Kc2 Bd8 30. Kd3 g6 31. Ke2 Kg7 32. Kf2 Bg5 33. Bd3 a4
34. b3 a3 35. Bc2 Bh3 36. Bd3 f6 37. Bc2 Kf7 38. Bd3 Ke6 39. Nd5 Kf7 40. Bf1
Bd7 41. Ne3 Bxe3+ 42. Kxe3 Ba4 0-1

[Event "OLBA 2122 SC Untergrombach - Karlsruher"]
[Site "?"]
[Date "2022.06.19"]
[Round "7.2"]
[White "Ider, Borya"]
[Black "Duschek, Volker"]
[Result "1-0"]
[WhiteElo "2489"]
[BlackElo "2287"]
[PlyCount "69"]
[EventDate "2022.??.??"]

1. d4 Nf6 2. Nf3 g6 3. g3 Bg7 4. Bg2 O-O 5. O-O d6 6. a4 c6 7. a5 Qc7 8. Nc3
Nbd7 9. e4 e5 10. Re1 Rb8 11. Be3 b5 12. axb6 axb6 13. d5 b5 14. dxc6 Qxc6 15.
Nd2 Nb6 16. Na2 Bg4 17. Nb4 Qd7 18. Qb1 Be6 19. Ra6 Qc7 20. h3 Rfd8 21. Qa1 d5
22. c3 Nxe4 23. Nxe4 dxe4 24. Bxe4 Bf8 25. Nc6 Nc4 26. Nxd8 Qxd8 27. Ba7 Rc8
28. Rd1 Qg5 29. b3 Nd6 30. Raxd6 Bxd6 31. Rxd6 Bxb3 32. Be3 Qh5 33. Bg2 Be6 34.
h4 Qg4 35. Bd5 1-0

[Event "OLBA 2122 SC Untergrombach - Karlsruher"]
[Site "?"]
[Date "2022.06.19"]
[Round "7.3"]
[White "Pfatteicher, Lukas"]
[Black "Rogic, Davor"]
[Result "0-1"]
[WhiteElo "2169"]
[BlackElo "2470"]
[PlyCount "60"]
[EventDate "2022.??.??"]

1. d4 d5 2. c4 e6 3. Nc3 Nf6 4. cxd5 exd5 5. Bg5 c6 6. e3 Bd6 7. Bd3 O-O 8. Qc2
h6 9. Bh4 Re8 10. Nge2 Nbd7 11. h3 Nf8 12. O-O-O a5 13. g4 b5 14. e4 b4 15. e5
bxc3 16. exf6 cxb2+ 17. Kb1 Ba6 18. fxg7 Qxh4 19. gxf8=Q+ Kxf8 20. Bxa6 Rxa6
21. Ng3 Bxg3 22. fxg3 Qe7 23. Qd2 Qe4+ 24. Kxb2 Rb6+ 25. Ka1 Qe3 26. Qxa5 Reb8
27. Qc5+ Kg7 28. Rhe1 Qf2 29. Qa3 Ra8 30. Rf1 Qxf1 0-1

[Event "OLBA 2122 SC Untergrombach - Karlsruher"]
[Site "?"]
[Date "2022.06.19"]
[Round "7.4"]
[White "Boric, Muhamed"]
[Black "Joeres, Stefan"]
[Result "1/2-1/2"]
[WhiteElo "2354"]
[BlackElo "2212"]
[PlyCount "55"]
[EventDate "2022.??.??"]

1. d4 d5 2. Nf3 Nf6 3. c4 e6 4. g3 c6 5. Nbd2 Nbd7 6. Bg2 Be7 7. O-O O-O 8. Qc2
b6 9. e4 dxe4 10. Nxe4 Bb7 11. Rd1 Qc8 12. Nxf6+ Nxf6 13. c5 Rd8 14. Bd2 Nd5
15. Rac1 Qc7 16. b4 Bf6 17. h4 Ba6 18. Qe4 Rab8 19. a3 Bb5 20. Re1 Re8 21. Qc2
Rbc8 22. Ne5 Bxe5 23. Rxe5 Qd7 24. Rd1 Rcd8 25. Bc1 Qb7 26. Rde1 Qd7 27. Bf3
Rc8 28. Kg2 1/2-1/2

[Event "OLBA 2122 SC Untergrombach - Karlsruher"]
[Site "?"]
[Date "2022.06.19"]
[Round "7.5"]
[White "Pfrommer, Christoph"]
[Black "Podat, Vladimir"]
[Result "1/2-1/2"]
[WhiteElo "2281"]
[BlackElo "2282"]
[PlyCount "20"]
[EventDate "2022.??.??"]

1. d4 Nf6 2. Nf3 e6 3. c4 d5 4. e3 c5 5. cxd5 exd5 6. Bb5+ Nc6 7. O-O Bd6 8.
dxc5 Bxc5 9. Nc3 O-O 10. b3 a6 1/2-1/2

[Event "OLBA 2122 SC Untergrombach - Karlsruher"]
[Site "?"]
[Date "2022.06.19"]
[Round "7.6"]
[White "Fuchs, Heinz"]
[Black "Koll, Lukas"]
[Result "1-0"]
[WhiteElo "2242"]
[BlackElo "2065"]
[PlyCount "99"]
[EventDate "2022.??.??"]

1. c4 c5 2. Nf3 Nc6 3. Nc3 g6 4. e3 Nf6 5. d4 cxd4 6. exd4 d5 7. cxd5 Nxd5 8.
Qb3 Nxc3 9. Bc4 e6 10. bxc3 Bg7 11. Ba3 Na5 12. Bb5+ Bd7 13. Qa4 Nc6 14. Qb3 a6
15. Be2 Na5 16. Qb2 Rc8 17. Rc1 b5 18. O-O f6 19. Nd2 Kf7 20. c4 bxc4 21. Nxc4
Nxc4 22. Bxc4 Bh6 23. Rc3 Rb8 24. Qe2 Bf8 25. Bxf8 Rxf8 26. Bxa6 Qb6 27. Rc5
Kg7 28. Rfc1 Rf7 29. Bc4 Rc8 30. Bb3 Rd8 31. Qe3 Qd6 32. h3 Re7 33. Rc7 Be8 34.
Rxe7+ Qxe7 35. Bxe6 Bf7 36. Bxf7 Qxf7 37. Qf4 Rd7 38. Rc6 f5 39. Qe5+ Kh6 40.
Rc2 Re7 41. Qf4+ Kg7 42. Kh2 Re4 43. Qd6 Kh6 44. f3 Re7 45. Qf4+ Kg7 46. h4 Rd7
47. a4 Qb3 48. Rc7 Qxa4 49. Qe5+ Kh6 50. Qe8 1-0

[Event "OLBA 2122 SC Untergrombach - Karlsruher"]
[Site "?"]
[Date "2022.06.19"]
[Round "7.7"]
[White "Koll, Linus"]
[Black "Schneider, Bernd"]
[Result "1/2-1/2"]
[WhiteElo "1989"]
[BlackElo "2160"]
[PlyCount "107"]
[EventDate "2022.??.??"]

1. e4 c5 2. b3 d5 3. exd5 Qxd5 4. Nc3 Qd8 5. Bb2 Nf6 6. Bb5+ Bd7 7. Qe2 a6 8.
Bxd7+ Qxd7 9. O-O-O Nc6 10. Ne4 Nd4 11. Nxf6+ gxf6 12. Qc4 e5 13. c3 Rc8 14.
Qa4 Qxa4 15. bxa4 Ne6 16. c4 Nf4 17. Kc2 Nxg2 18. Ne2 Bh6 19. Rb1 Rd8 20. Bc3
Rd7 21. Rb6 Ke7 22. Rhb1 Rhd8 23. Rxb7 Rxb7 24. Rxb7+ Rd7 25. Rb6 Rd6 26. a5
Ne1+ 27. Kd1 Nd3 28. Ng3 Rxb6 29. axb6 Kd7 30. a4 Kc6 31. a5 Nxf2+ 32. Ke2 Nh3
33. Kf3 Ng5+ 34. Kg4 Ne6 35. h4 Bf8 36. Kf5 Be7 37. Ke4 Nd8 38. Nf5 Bf8 39. Ne3
Nb7 40. Nd5 Nd6+ 41. Kf3 Nxc4 42. Nxf6 Be7 43. Nxh7 Bxh4 44. d3 Nd6 45. Bxe5
Be1 46. Ng5 Bxa5 47. Bxd6 Kxd6 48. b7 Kc7 49. Nxf7 Kxb7 50. Ke4 Kc6 51. Ne5+
Kb5 52. d4 Bc7 53. Kd5 cxd4 54. Nc4 1/2-1/2